[Event "Hamburg-ch MA"]
[Site "Hamburg"]
[Date "2015.05.29"]
[Round "7"]
[White "Baberz, Alexander"]
[Black "Haugwitz, Steffen"]
[Result "1-0"]
[WhiteElo "2074"]
[BlackElo "1811"]
[PlyCount "101"]
[EventDate "2015.05.23"]
[EventType "swiss"]
[EventRounds "9"]
[EventCountry "GER"]
[SourceTitle "EXT 2022"]
[Source "ChessBase"]
[SourceDate "2021.10.06"]
[SourceVersion "1"]
[SourceVersionDate "2021.10.06"]
[SourceQuality "1"]

1. d4 Nf6 2. c4 g6 3. Nc3 Bg7 4. e4 d6 5. Nf3 0-0 6. Be2 e5 7. dxe5 dxe5 8. Bg5 c6 9. Qxd8 Rxd8 10. 0-0 Bg4 11. Rfd1 Na6 12. Be3 Nc7 13. Rxd8+ Rxd8 14. Bxa7 Ne6 15. Bb6 Rd7 16. Rd1 Nf4 17. Rxd7 Nxe2+ 18. Nxe2 Nxd7 19. Be3 f5 20. Nc3 f4 21. Bd2 Bf8 22. Ne1 Bc5 23. Nc2 Be6 24. b3 Nf6 25. h3 g5 26. Kf1 g4 27. hxg4 Nxg4 28. f3 Nf2 29. Ke2 h5 30. Na4 Ba7 31. Bc3 h4 32. Bxe5 h3 33. gxh3 Nxh3 34. c5 Kf7 35. Kf1 Bd7 36. Nd4 Kg6 37. Kg2 Kg5 38. Bd6 Kg6 39. Nf5 Ng5 40. Ne7+ Kf6 41. Bxf4 Nxe4 42. fxe4 Kxe7 43. Kf3 Kf6 44. Ke3 Bg4 45. Bd6 Ke6 46. Kd4 Be2 47. e5 Bb5 48. Nc3 b6 49. Nxb5 cxb5 50. c6 b4 51. Kc4 1-0

[Event "Hamburg-ch MA"]
[Site "Hamburg"]
[Date "2015.05.24"]
[Round "2"]
[White "Groetzbach, Julian"]
[Black "Haugwitz, Steffen"]
[Result "1-0"]
[WhiteElo "2169"]
[BlackElo "1811"]
[PlyCount "27"]
[EventDate "2015.05.23"]
[EventType "swiss"]
[EventRounds "9"]
[EventCountry "GER"]
[SourceTitle "EXT 2022"]
[Source "ChessBase"]
[SourceDate "2021.10.06"]
[SourceVersion "1"]
[SourceVersionDate "2021.10.06"]
[SourceQuality "1"]

1. e4 g6 2. d4 Bg7 3. Nc3 d6 4. Be3 c6 5. Qd2 Nf6 6. h3 b5 7. Bd3 Qa5 8. Nf3 a6 9. 0-0 Qc7 10. e5 Nfd7 11. exd6 exd6 12. Bf4 f5 13. Rfe1+ Kd8 14. Ng5 1-0

[Event "Hamburg-ch MB"]
[Site "Hamburg"]
[Date "2014.06.15"]
[Round "9"]
[White "Haugwitz, Steffen"]
[Black "Bildat, Juergen"]
[Result "1-0"]
[WhiteElo "1710"]
[BlackElo "2044"]
[PlyCount "79"]
[EventDate "2014.06.07"]
[EventType "swiss"]
[EventRounds "9"]
[EventCountry "GER"]
[SourceTitle "CBM 161 Extra"]
[Source "ChessBase"]
[SourceDate "2014.08.29"]
[SourceVersion "1"]
[SourceVersionDate "2014.08.29"]
[SourceQuality "1"]

1. e4 c5 2. Nc3 a6 3. f4 b5 4. Nf3 Bb7 5. d3 e6 6. Be3 Nf6 7. g3 d5 8. exd5 Nxd5 9. Nxd5 Bxd5 10. Bg2 Bd6 11. c4 Bc6 12. 0-0 0-0 13. Qc2 b4 14. d4 Nd7 15. Ng5 Nf6 16. Bxc6 Rc8 17. dxc5 Rxc6 18. cxd6 Qxd6 19. Rad1 Qc7 20. b3 h6 21. Ne4 Nd5 22. Qf2 Nxe3 23. Qxe3 Rd8 24. Rd4 f5 25. Nf2 Rcd6 26. Rxd6 Rxd6 27. c5 Rc6 28. Nd3 a5 29. Rc1 Qd8 30. Ne5 Rc8 31. c6 Qd6 32. Qd3 Qc7 33. Qd7 Qb6+ 34. Kg2 Rd8 35. Qxe6+ Kh7 36. Qg6+ Kg8 37. c7 Rd2+ 38. Kh3 Qf2 39. c8Q+ Rd8 40. Qxd8# 1-0

[Event "Hamburg-ch A-Klasse"]
[Site "Hamburg"]
[Date "2013.05.22"]
[Round "5"]
[White "Haugwitz, Steffen"]
[Black "Ertelt, Alf"]
[Result "0-1"]
[WhiteElo "1668"]
[BlackElo "1631"]
[PlyCount "84"]
[EventDate "2013.05.18"]
[EventType "swiss"]
[EventRounds "9"]
[EventCountry "GER"]
[SourceTitle "EXT 2022"]
[Source "ChessBase"]
[SourceDate "2021.10.06"]
[SourceVersion "1"]
[SourceVersionDate "2021.10.06"]
[SourceQuality "1"]

1. e4 e6 2. d4 d5 3. Nc3 Nf6 4. e5 Nfd7 5. f4 c5 6. Nf3 Nc6 7. Bb5 Qb6 8. Bxc6 bxc6 9. Na4 Qa5+ 10. c3 Nb6 11. Nxc5 Bxc5 12. dxc5 Qxc5 13. Nd4 Bb7 14. Be3 Qe7 15. Nb3 Nc4 16. Bc5 Qh4+ 17. g3 Qh3 18. Qc2 Qg4 19. Kf2 Qg6 20. Rac1 Qxc2+ 21. Rxc2 Nb6 22. Na5 Ba6 23. Nxc6 Rc8 24. Nb4 Rxc5 25. Nxa6 Rc8 26. b3 Ke7 27. a4 Nd7 28. Rd1 f6 29. exf6+ Nxf6 30. Ke3 Rc6 31. Nb4 Rb6 32. Kd4 Rc8 33. Re1 Rxb4+ 34. cxb4 Rxc2 35. f5 Ne4 36. fxe6 Kxe6 37. h4 Rd2+ 38. Ke3 Rb2 39. Rc1 Rxb3+ 40. Kf4 Rxb4 41. Rc7 Nd6+ 42. Kf3 Rb7 0-1

[Event "Hamburg-chA"]
[Site "Hamburg"]
[Date "2011.10.09"]
[Round "9.1"]
[White "Mattiat, Kay"]
[Black "Haugwitz, Steffen"]
[Result "1-0"]
[WhiteElo "1433"]
[BlackElo "1505"]
[PlyCount "63"]
[EventDate "2011.10.09"]
[EventType "swiss"]
[EventRounds "9"]
[EventCountry "GER"]
[SourceTitle "EXT 2012"]
[Source "ChessBase"]
[SourceDate "2011.11.24"]
[SourceVersion "1"]
[SourceVersionDate "2011.11.24"]
[SourceQuality "1"]

1. e4 c5 2. Nf3 e6 3. d4 cxd4 4. Nxd4 Qb6 5. c3 Bc5 6. b4 Bxd4 7. Qxd4 Qxd4 8. cxd4 Nc6 9. Bb2 Nxb4 10. Na3 Nf6 11. f3 d5 12. e5 Nd7 13. Bb5 a6 14. Bc3 Nc6 15. Bxc6 bxc6 16. Bb4 a5 17. Bd6 Ba6 18. Rb1 f6 19. f4 Kf7 20. Kd2 Rhc8 21. Rb2 c5 22. dxc5 Nxc5 23. Bxc5 Rxc5 24. g4 d4 25. Re1 g5 26. exf6 gxf4 27. Rb6 Bc8 28. Nb5 Ra6 29. Nd6+ Kg6 30. Nxc8 Rxb6 31. Nxb6 e5 32. h4 1-0

[Event "Hamburg St Pauli op-B"]
[Site "Hamburg"]
[Date "2011.07.11"]
[Round "4"]
[White "Lingstaedt, Nils"]
[Black "Haugwitz, Steffen"]
[Result "0-1"]
[WhiteElo "1134"]
[BlackElo "1504"]
[PlyCount "81"]
[EventDate "2011.07.09"]
[EventType "swiss"]
[EventRounds "9"]
[EventCountry "GER"]
[SourceTitle "CBM 143 Extra"]
[Source "ChessBase"]
[SourceDate "2011.08.29"]
[SourceVersion "1"]
[SourceVersionDate "2011.08.29"]
[SourceQuality "1"]

1. d4 Nf6 2. c4 g6 3. Nc3 Bg7 4. Nf3 d6 5. e4 0-0 6. Be2 Nbd7 7. 0-0 e5 8. d5 h6 9. Re1 Nc5 10. Bf1 Nh7 11. b4 Nd7 12. a4 f5 13. Ra3 fxe4 14. Nxe4 Ndf6 15. Qc2 Nxe4 16. Qxe4 Bf5 17. Qh4 g5 18. Qg3 Nf6 19. h3 Nh5 20. Qh2 Bg6 21. g4 Nf4 22. h4 Qd7 23. Qg3 Rae8 24. hxg5 hxg5 25. Nxg5 Bf6 26. Ne4 Bxe4 27. Rxe4 Qh7 28. g5 Qxe4 29. gxf6+ Qg6 30. Qxg6+ Nxg6 31. Bg5 e4 32. Bh3 Ne5 33. Be6+ Kh7 34. Rh3+ Kg6 35. Rh6+ Kxg5 36. Rh7 Rxf6 37. Rg7+ Rg6 38. Rh7 Kf6+ 39. Kf1 Re7 40. Rh4 Nxc4 41. Rxe4 0-1

[Event "Hamburg-chB"]
[Site "Hamburg"]
[Date "2010.05.25"]
[Round "4.4"]
[White "Haugwitz, Steffen"]
[Black "Raedisch, Peter"]
[Result "1/2-1/2"]
[WhiteElo "1461"]
[BlackElo "1514"]
[PlyCount "122"]
[EventDate "2010.05.22"]
[EventType "swiss"]
[EventRounds "9"]
[EventCountry "GER"]
[SourceTitle "EXT 2011"]
[Source "ChessBase"]
[SourceDate "2010.11.26"]
[SourceVersion "1"]
[SourceVersionDate "2010.11.26"]
[SourceQuality "1"]

1. e4 e5 2. Nf3 Nc6 3. Bc4 Bc5 4. c3 d6 5. d3 Nf6 6. Be3 Bxe3 7. fxe3 Ng4 8. Qe2 Qf6 9. 0-0 Qh6 10. Bxf7+ Ke7 11. h3 Qxe3+ 12. Qxe3 Nxe3 13. Rf2 Kxf7 14. Nxe5+ Ke8 15. Nxc6 bxc6 16. Re2 Rb8 17. b3 Ng4 18. hxg4 Bxg4 19. Rf2 Ke7 20. Nd2 c5 21. Raf1 Be6 22. Kh2 h5 23. d4 cxd4 24. cxd4 c6 25. Re2 Rh6 26. d5 Bd7 27. Nc4 Rbh8 28. Rc1 c5 29. e5 dxe5 30. Nxe5 Kd6 31. Nf7+ Kxd5 32. Nxh8 Rxh8 33. Rd1+ Kc6 34. Re7 Bg4 35. Rde1 a5 36. Rxg7 Rd8 37. Re5 Rd2 38. a4 Rd3 39. Rg6+ Rd6 40. Rxd6+ Kxd6 41. Re8 Kc6 42. Kg3 Bd1 43. Rb8 Kc7 44. Rb5 Kc6 45. Rxa5 Bxb3 46. Kf4 Bd1 47. g3 c4 48. Ke3 c3 49. Kd4 c2 50. Rc5+ Kb6 51. a5+ Ka6 52. Kd3 Ka7 53. Rxc2 Bxc2+ 54. Kxc2 Ka6 55. Kd3 Kxa5 56. Ke4 Kb6 57. Kf5 Kc7 58. Kg6 Kd7 59. Kxh5 Ke7 60. g4 Kf7 61. g5 Kg7 1/2-1/2

[Event "Hamburg-chB"]
[Site "Hamburg"]
[Date "2010.05.24"]
[Round "3.5"]
[White "Haugwitz, Steffen"]
[Black "Klawitter, Bernd"]
[Result "1/2-1/2"]
[WhiteElo "1461"]
[BlackElo "1443"]
[PlyCount "111"]
[EventDate "2010.05.22"]
[EventType "swiss"]
[EventRounds "9"]
[EventCountry "GER"]
[SourceTitle "EXT 2011"]
[Source "ChessBase"]
[SourceDate "2010.11.26"]
[SourceVersion "1"]
[SourceVersionDate "2010.11.26"]
[SourceQuality "1"]

1. e4 d5 2. exd5 Qxd5 3. Nc3 Qd6 4. g3 Bd7 5. Bg2 Bc6 6. Bxc6+ Qxc6 7. Qf3 Nf6 8. a3 a6 9. Qxc6+ Nxc6 10. Nge2 e6 11. d3 Bc5 12. 0-0 0-0 13. Bg5 Ng4 14. Ne4 Ba7 15. h3 Nge5 16. Kg2 Ng6 17. Be3 Bxe3 18. fxe3 b6 19. Rf2 Nce7 20. N2c3 Nf5 21. Re1 h6 22. Nd2 Rad8 23. Nb3 Nd6 24. e4 Nb5 25. Nxb5 axb5 26. Rd1 c5 27. c3 e5 28. Rfd2 Rd6 29. c4 bxc4 30. dxc4 Rxd2+ 31. Rxd2 f5 32. Rd6 Rf6 33. Rxf6 gxf6 34. exf5 Ne7 35. g4 Nc6 36. Kf3 h5 37. Nd2 hxg4+ 38. hxg4 Kg7 39. Ke4 Kh6 40. Kd5 Nd4 41. b4 Nc2 42. bxc5 bxc5 43. a4 Kg5 44. Ne4+ Kxg4 45. Nxf6+ Kxf5 46. Nd7 e4 47. Nxc5 Nb4+ 48. Kd4 Nc2+ 49. Kc3 Ne3 50. Nxe4 Kxe4 51. Kb4 Kd4 52. a5 Nxc4 53. a6 Kd5 54. Kb5 Nd6+ 55. Ka5 Kc6 56. a7 1/2-1/2

[Event "Hamburg-chB"]
[Site "Hamburg"]
[Date "2010.05.23"]
[Round "2.4"]
[White "Evers, Juergen"]
[Black "Haugwitz, Steffen"]
[Result "1/2-1/2"]
[WhiteElo "1468"]
[BlackElo "1461"]
[PlyCount "51"]
[EventDate "2010.05.22"]
[EventType "swiss"]
[EventRounds "9"]
[EventCountry "GER"]
[SourceTitle "EXT 2011"]
[Source "ChessBase"]
[SourceDate "2010.11.26"]
[SourceVersion "1"]
[SourceVersionDate "2010.11.26"]
[SourceQuality "1"]

1. c4 Nf6 2. Nc3 c5 3. g3 Nc6 4. Bg2 d6 5. d3 g6 6. e4 Bg7 7. Nge2 e5 8. 0-0 Be6 9. h3 0-0 10. Be3 Nd4 11. f4 h5 12. Nd5 Qd7 13. Nxf6+ Bxf6 14. Kh2 Bg7 15. Nxd4 cxd4 16. Bd2 Rac8 17. Rf2 b5 18. b3 f5 19. Qf1 fxe4 20. Bxe4 Kh7 21. Qg2 bxc4 22. bxc4 Rb8 23. Raf1 a6 24. fxe5 dxe5 25. Rxf8 Bxf8 26. Bg5 1/2-1/2

[Event "Hamburg-chB"]
[Site "Hamburg"]
[Date "2010.05.22"]
[Round "1.8"]
[White "Haugwitz, Steffen"]
[Black "Ziege, Andreas"]
[Result "1/2-1/2"]
[WhiteElo "1461"]
[BlackElo "1108"]
[PlyCount "125"]
[EventDate "2010.05.22"]
[EventType "swiss"]
[EventRounds "9"]
[EventCountry "GER"]
[SourceTitle "EXT 2011"]
[Source "ChessBase"]
[SourceDate "2010.11.26"]
[SourceVersion "1"]
[SourceVersionDate "2010.11.26"]
[SourceQuality "1"]

1. e4 e5 2. Nf3 Nc6 3. Bc4 h6 4. c3 Nf6 5. d3 d6 6. Be3 Bg4 7. Qb3 Be6 8. Bxe6 fxe6 9. Qxe6+ Qe7 10. Qxe7+ Bxe7 11. Nbd2 0-0 12. 0-0 b6 13. Nh4 d5 14. Ng6 Rf7 15. f4 Ng4 16. Rae1 Nxe3 17. Rxe3 exf4 18. Ref3 dxe4 19. Nxe4 Bg5 20. Nxf4 Ne5 21. R3f2 Bxf4 22. Rxf4 Rxf4 23. Rxf4 Nxd3 24. Rf5 Rd8 25. b3 Nc1 26. Rf2 Rd1+ 27. Rf1 Rxf1+ 28. Kxf1 Nxa2 29. Ke1 Nc1 30. b4 a5 31. Kd2 Nb3+ 32. Kc2 a4 33. g3 Kf7 34. h3 Ke6 35. Kb2 b5 36. Nf2 Kd5 37. Nd3 Ke4 38. Nf4 Kf3 39. Nh5 g6 40. Nf4 g5 41. Nh5 Nd2 42. Ka3 Nc4+ 43. Ka2 Ke3 44. Nf6 Kd3 45. Nd5 c6 46. Ne7 Kxc3 47. Nxc6 Nd6 48. h4 gxh4 49. gxh4 h5 50. Ka3 Nf5 51. Na7 Nd6 52. Nc6 Nc4+ 53. Ka2 Kc2 54. Nd4+ Kc3 55. Nxb5+ Kxb4 56. Nd4 Ne5 57. Ne6 Ng6 58. Ng7 Nxh4 59. Nxh5 Nf3 60. Nf4 Nd2 61. Nd5+ Ka5 62. Nc3 Kb4 63. Nxa4 1/2-1/2